|
|
|
|
| LEADER |
00000cam a2200000 7i4500 |
| 001 |
0000004893 |
| 002 |
000005276 |
| 005 |
20000330.0 |
| 020 |
|
|
|a 9836229043
|
| 090 |
0 |
0 |
|a 297.1227
|b ALQ
|
| 245 |
1 |
0 |
|a Al-Quran al-Karim :
|b terjemahan dan huraian maksud
|c Abu Salah Muhammad Uthman El-Muhammady
|
| 255 |
|
|
|a Jilid 2 (Juz 7-Juz 12)
|
| 260 |
|
|
|a Kuala Lumpur :
|b DBP ,
|c 1992
|
| 300 |
|
|
|a 1082p. ;
|c 22cm.
|
| 650 |
0 |
0 |
|a Quran
|x Hermeneutics
|
| 700 |
0 |
|
|a Abu Salah Muhammad'Uthman El-Muhammady
|
| 999 |
|
|
|a 034824
|b BUKU
|c PINJAMAN
|e PERPUSTAKAAN KOMUNITI PETALING JAYA
|
| 999 |
|
|
|a 055658
|b BUKU
|c PINJAMAN
|e PERPUSTAKAAN KOMUNITI CAW KOTA DAMANSARA
|